Трение в инженерном деле (Запись № 13683616)
[ простой вид ]
| 000 -МАРКЕР | |
|---|---|
| контрольное поле | 02263nam0a2200349 4500 |
| 001 - ИДЕНТИФИКАТОР ЗАПИСИ | |
| контрольное поле | RU\NLR\BIBL_A\022614094 |
| 005 - ИДЕНТИФИКАТОР ВЕРСИИ | |
| контрольное поле | 20260420052848.0 |
| 010 ## - МЕЖДУНАРОДНЫЙ СТАНДАРТНЫЙ НОМЕР КНИГИ (ISBN) | |
| Номер (ISBN) | 978-5-6051134-9-2 |
| Тираж | 500 |
| 021 ## - НОМЕР ГОСУДАРСТВЕННОЙ РЕГИСТРАЦИИ | |
| Код страны | Российская Федерация |
| Номер | КН-П-25-041708 |
| Номер Листа государственной регистраци | КН-П-25-4062 |
| 035 ## - ДРУГИЕ СИСТЕМНЫЕ НОМЕРА | |
| Идентификатор записи | (NLR Aleph) 022614094 |
| 100 ## - ДАННЫЕ ОБЩЕЙ ОБРАБОТКИ | |
| Данные общей обработки | 20250903d2025 u y0rusy50 ca |
| 101 0# - ЯЗЫК РЕСУРСА | |
| Язык текста, звукозаписи и т.д. | русский |
| 102 ## - СТРАНА ПУБЛИКАЦИИ ИЛИ ПРОИЗВОДСТВА | |
| Страна публикации | Российская Федерация |
| 105 ## - ПОЛЕ КОДИРОВАННЫХ ДАННЫХ: ТЕКСТОВЫЕ МАТЕРИАЛЫ, МОНОГРАФИЧЕСКИЕ | |
| Кодированные данные о монографическом текстовом документе | a j 000yy |
| 181 #0 - ПОЛЕ КОДИРОВАННЫХ ДАННЫХ: ВИД СОДЕРЖАНИЯ | |
| Код вида содержания (ISBD) | i3 |
| Код характеристики содержания (ISBD) | axxe |
| 182 #0 - ПОЛЕ КОДИРОВАННЫХ ДАННЫХ: ТИП СРЕДСТВА | |
| Код типа средства (ISBD) | n - непосредственное |
| 200 1# - ЗАГЛАВИЕ И СВЕДЕНИЯ ОБ ОТВЕТСТВЕННОСТИ | |
| Основное заглавие | Трение в инженерном деле |
| Сведения, относящиеся к заглавию | (учебное пособие для студентов вузов технического и инженерно-технологического профиля) |
| Первые сведения об ответственности | В. П. Тихомиров, М. Г. Шалыгин, П. В. Тихомиров [и др.] |
| Последующие сведения об ответственности | под ред. В. П. Тихомирова |
| -- | Министерство науки и высшего образования Российской Федерации, ФГБОУ ВО "Брянский государственный технический университет", ФГБОУ ВО "Брянский государственный инженерно-технологический университет" |
| 203 ## - ВИД СОДЕРЖАНИЯ И ТИП СРЕДСТВА | |
| Вид содержания | Текст |
| Дополнительные сведения об издании | визуальный |
| Тип средства | непосредственный |
| 210 ## - ПУБЛИКАЦИЯ, РАСПРОСТРАНЕНИЕ И ДР. | |
| Место издания, распространения и т.д. | Брянск |
| Имя издателя, распространителя и т. д. | БГИТУ [и др.] |
| Дата издания, распространения и т.д. | 2025 |
| 215 ## - ФИЗИЧЕСКАЯ ХАРАКТЕРИСТИКА | |
| Специфическое обозначение материала и объем | 320 с. |
| Другие сведения о физической характеристике | ил., табл. |
| Размеры | 22 |
| 300 ## - ОБЩИЕ ПРИМЕЧАНИЯ | |
| Текст примечания | На 4-й с. обл. авт.: Тихомиров В. П., д. т. н., проф., Шалыгин М. Г., Тихомиров П. В., д-ра техн. наук [и др.] |
| 320 ## - ПРИМЕЧАНИЯ О НАЛИЧИИ В ДОКУМЕНТЕ БИБЛИОГРАФИИ / УКАЗАТЕЛЯ | |
| Текст примечания | Библиогр.: с. 316-320 |
| 606 1# - НАИМЕНОВАНИЕ ТЕМЫ КАК ПРЕДМЕТ | |
| Наименование темы | Трибология |
| Формальный подзаголовок | Учебные издания для высших учебных заведений |
| Системный номер авторитетной/нормативной записи | 1564112 |
| Идентификатор авторитетной/нормативной записи | RU\NLR\AUTH\66684595 |
| 686 1# - ИНДЕКСЫ ДРУГИХ КЛАССИФИКАЦИЙ | |
| Индекс | К413я73-1 |
| 701 #1 - ИМЯ ЛИЦА - АЛЬТЕРНАТИВНАЯ ОТВЕТСТВЕННОСТЬ | |
| Графика поля | Кириллица |
| Материалы, к которым относится поле | rus |
| Начальный элемент ввода | Тихомиров |
| Часть имени, кроме начального элемента ввода | В. П. |
| Дополнения к именам, кроме дат | д-р техн. наук |
| Даты | 1939- |
| Расширение инициалов личного имени | Виктор Петрович |
| Системный номер авторитетной/нормативной записи | 88119 |
| Идентификатор авторитетной/нормативной записи | RU\NLR\AUTH\77105194 |
| 701 #1 - ИМЯ ЛИЦА - АЛЬТЕРНАТИВНАЯ ОТВЕТСТВЕННОСТЬ | |
| Начальный элемент ввода | Шалыгин |
| Часть имени, кроме начального элемента ввода | М. Г. |
| Расширение инициалов личного имени | Михаил Геннадьевич |
| 701 #1 - ИМЯ ЛИЦА - АЛЬТЕРНАТИВНАЯ ОТВЕТСТВЕННОСТЬ | |
| Графика поля | Кириллица |
| Материалы, к которым относится поле | rus |
| Начальный элемент ввода | Тихомиров |
| Часть имени, кроме начального элемента ввода | П. В. |
| Дополнения к именам, кроме дат | д-р техн. наук |
| Даты | 1978- |
| Расширение инициалов личного имени | Петр Викторович |
| Системный номер авторитетной/нормативной записи | 207602 |
| Идентификатор авторитетной/нормативной записи | RU\NLR\AUTH\770207655 |
| 942 ## - ДОПОЛНИТЕЛЬНЫЕ ЭЛЕМЕНТЫ ЗАПИСИ (АБИС) | |
| Тип экземпляра АБИС | Книга |
| 980 ## - КОЛЛЕКЦИЯ | |
| Название коллекции | Национальная библиография |
Нет доступных экземпляров.